| 000 | 00820nam a2200253Ia 4500 | ||
|---|---|---|---|
| 003 | OSt | ||
| 005 | 20221005042710.0 | ||
| 006 | a|||||r|||| 00| 0 | ||
| 007 | ta | ||
| 008 | 221004b |||||||| |||| 00| 0 eng d | ||
| 020 |
_a9781844655793 (pbk) _c1526.13 |
||
| 024 | _a12795 | ||
| 037 |
_b13115115, 11/03/2014, Atlantic Publisher & Dist. Pvt Ltd. _cTextual |
||
| 040 |
_aCRL _cCRL _beng |
||
| 041 |
_2eng _aeng |
||
| 082 | _aR3xK32:g, Q4 | ||
| 100 |
_aHuenemann Charlie _9435141 |
||
| 245 | 0 |
_aSpinoza's radical theology _b Metaphysics of the infinite |
|
| 260 |
_aDurham _bAcumen UK _c2014 |
||
| 300 |
_axvi,154p. _ccm. |
||
| 650 | _aPHILOSOPHY | ||
| 942 |
_hR3xK32:g, Q4 _cTEXL _2cc |
||
| 999 |
_c950707 _d950707 |
||